Culture Générale - Série 2663 - Statistiques

Statistiques générales
  • Ce quiz a été pris 118 fois
  • Le résultat moyen est 6 sur 10
Statistiques - réponses
Question Réponse % Correct
Ce mot désigne un fruit rouge - la roulette du dentiste - tache sur la peau - col de lingerie fraise
96%
Quel président français a été l'objet d'un attentat manqué le 14 juillet 2002 sur les Champs Élysées ? prénom et nom Jacques Chirac
89%
Complétez l'expression qui signifie que deux personnes sont inséparables : "Être comme cul et... chemise
82%
Sous quel autre nom connaît-on mieux le chlorure de sodium ? sel
81%
Dans la série d'animation "Dora l'exploratrice", quel est le nom de son ami le singe ? voir photo Babouche
61%
Quel est le dieu grec du sommeil ? Morphée
58%
Quel est le plus petit État des États-Unis, mais aussi l'un des plus densément peuplés ? Rhode Island
51%
Comment se prénomme le "Dr House" dans la série télévisée du même nom ? Gregory
34%
De quel état des Etats Unis "Des Moines " est-elle la capitale ? Iowa
31%
Qui incarne "Fanfan la tulipe" dans lle film du même nom réalisé en 2003 par Gérard Krawczyk ? prénom et nom Vincent Perez
6%
Aucun quiz correspondant
Distribution des résultats
% des personnes avec chaque résultat
Percentile par nombre de réponses
Votre historique - résultats
Vous n’avez pas pris ce quiz